|
|
|
|
| LEADER |
00000nab a2200000 a 4500 |
| 001 |
vtls008305582 |
| 003 |
SK-MaSNL |
| 005 |
20260303073415.0 |
| 008 |
160314c2005 xo mr|p|||||||000 b|slo |
| 015 |
|
|
|a SNBRB2005/10
|2 snkbucl
|
| 038 |
|
|
|a SNKBUCL
|
| 040 |
|
|
|a SNKBUCL
|b slo
|c SNKBUCL
|e AACR2
|
| 041 |
0 |
|
|a slo
|
| 044 |
|
|
|a xo
|c SK
|
| 080 |
|
|
|a 82.09:821.111-93
|x (048)
|2 1997
|
| 080 |
|
|
|a 821.111-93
|x (048)
|2 1997
|
| 080 |
|
|
|a 821.111-32
|x (0.053.2)
|x (048)
|2 1997
|
| 100 |
1 |
|
|a Karpinský, Peter,
|d 1971-
|4 aut
|9 13308
|
| 245 |
1 |
0 |
|a Georgia Byngová: Malá čarodejka Molly
|c Peter Karpinský
|
| 650 |
0 |
7 |
|a autorské rozprávky, anglické
|x recenzie
|2 snkbucl
|9 71543
|
| 773 |
0 |
|
|t Bibiana
|g Roč. XII, č. 2 (2005), s. 59-61
|x 1335-7263
|
| 787 |
0 |
8 |
|i Rec.:
|a Byng, Georgia
|t Malá čarodejka Molly
|d Bratislava : Aktuell, 2004
|z 8089153127
|
| 852 |
|
|
|a SNK
|b KIS3GCP
|
| 958 |
|
|
|a GB
|
| 958 |
|
|
|a LX
|
| 958 |
|
|
|a RC
|
| 999 |
|
|
|c 1767553
|d 1769483
|